|
|
|
|
| LEADER |
00000ny a22000003n 4500 |
| 005 |
20110606110515.0 |
| 008 |
040531s2001 sp d s 000 0 spa c |
| 020 |
|
|
|a 8476986343
|
| 035 |
|
|
|a 374
|
| 040 |
|
|
|a SpMaUCDE
|d vLex
|
| 040 |
|
|
|a UMA.RE
|d vLex
|
| 080 |
|
|
|a 316.624:316.356.2
|
| 080 |
|
|
|a 343.615-055.5/.7(460)
|
| 090 |
|
|
|c 475
|d 475
|
| 100 |
1 |
|
|a Falcn̤ Caro, Mara̕ del Castillo
|
| 245 |
1 |
0 |
|a Malos tratos habituales a la mujer
|h [Recurso electrn̤ico]
|c Mara̕ del Castillo Falcn̤ Caro ;[prl̤ogo, Miguel Polaino Navarrete]
|
| 256 |
|
|
|a Servicio en ln̕ea
|
| 260 |
|
|
|a Barcelona :
|b J.M. Bosch,
|c [2001]
|
| 300 |
|
|
|a 283 p. ;
|c 22 cm
|
| 500 |
|
|
|a En la port.: Universidad Externado de Colombia, NO-DO, Ayuntamiento de Sevilla, Delegacin̤ de la Mujer
|
| 506 |
1 |
|
|a Contenido solo disponible en los productos indicados
|d vLex Global
|d vLex Global (Academic Edition, excluding Law Schools)
|d vLex Global (U.S. Academic Edition, Law Schools)
|d vLex Global (U.S. Academic Edition, excluding Law Schools)
|d vLex Global (Academic Edition, Law Schools)
|
| 650 |
0 |
7 |
|a Violencia de gňero
|2 Tesauro vLex
|
| 650 |
0 |
7 |
|a Seguridad social
|2 Tesauro vLex
|
| 650 |
0 |
7 |
|a Malos tratos
|2 Tesauro vLex
|
| 700 |
1 |
|
|a Polaino Navarrete, Miguel,
|e pr
|
| 740 |
0 |
|
|a vLex Libros (Servicios en ln̕ea)
|
| 856 |
4 |
0 |
|u http://vlex.com/source/374
|z Acceso restringido
|
| 942 |
|
|
|c BOOK
|
| 999 |
0 |
|
|a Violence in women
|b Barcelona
|